[Event "VIE-ch"]
[Site "Ho Chi Minh City"]
[Date "2021.03.27"]
[Round "5"]
[White "Lu, Chan Hung"]
[Black "Tran, Dang Minh Quang"]
[Result "1/2-1/2"]
[WhiteElo "2197"]
[BlackElo "2077"]
[PlyCount "46"]
[EventDate "2021.03.24"]
[EventType "swiss"]
[EventRounds "9"]
[EventCountry "VIE"]
[SourceTitle "EXT 2022"]
[Source "ChessBase"]
[SourceDate "2021.10.06"]
[SourceVersion "1"]
[SourceVersionDate "2021.10.06"]
[SourceQuality "1"]

1. c4 c6 2. g3 d5 3. Nf3 Nf6 4. b3 Bf5 5. Bb2 e6 6. d3 Nbd7 7. Nbd2 h6 8. Bg2 Be7 9. 0-0 0-0 10. Re1 Bh7 11. Qc2 Qb6 12. e4 dxe4 13. Nxe4 Nxe4 14. dxe4 Bf6 15. Rad1 Rad8 16. Nd4 Nc5 17. Qe2 Na4 18. Nxe6 Rxd1 19. Rxd1 Nxb2 20. Nxf8 Nxd1 21. Nxh7 Bd4 22. Qxd1 Bxf2+ 23. Kf1 Qd4 1/2-1/2

[Event "VIE-ch"]
[Site "Ho Chi Minh City"]
[Date "2021.03.25"]
[Round "2"]
[White "Dau, Khuong Duy"]
[Black "Lu, Chan Hung"]
[Result "0-1"]
[WhiteElo "1706"]
[BlackElo "2197"]
[PlyCount "96"]
[EventDate "2021.03.24"]
[EventType "swiss"]
[EventRounds "9"]
[EventCountry "VIE"]
[SourceTitle "EXT 2022"]
[Source "ChessBase"]
[SourceDate "2021.10.06"]
[SourceVersion "1"]
[SourceVersionDate "2021.10.06"]
[SourceQuality "1"]

1. e4 c5 2. Nc3 g6 3. g3 Bg7 4. Bg2 Nc6 5. Nge2 Rb8 6. 0-0 b5 7. d3 d6 8. f4 Bd7 9. Nd5 Qc8 10. Ne3 h5 11. f5 Ne5 12. Nf4 Nf6 13. fxg6 fxg6 14. c3 g5 15. Nfd5 h4 16. Nf5 Bxf5 17. Nxf6+ Bxf6 18. Rxf5 hxg3 19. hxg3 Qe6 20. Be3 Nf7 21. Qb3 Qxb3 22. axb3 Nh6 23. Rff1 Ng4 24. Bd2 Be5 25. Rf3 b4 26. Rxa7 Rh5 27. Rf5 bxc3 28. bxc3 Rxb3 29. Rxg5 Rb1+ 30. Bf1 Rh2 31. Ra8+ Kf7 32. Bf4 Rf2 33. Rf5+ Ke6 34. Bc1 Bxg3 35. Rxf2 Bxf2+ 36. Kg2 Rxc1 37. Be2 Rg1+ 38. Kf3 Be1 39. d4 Nh2+ 40. Ke3 Rg3+ 41. Kf4 Rxc3 42. d5+ Kf6 43. Rf8+ Kg7 44. Rc8 Bh4 45. Bh5 Bf6 46. Rc6 Kh6 47. Be2 Rc2 48. Ke3 Bg5+ 0-1

[Event "VIE-ch op"]
[Site "Hanoi"]
[Date "2020.11.28"]
[Round "8"]
[White "Dinh, Nho Kiet"]
[Black "Lu, Chan Hung"]
[Result "1/2-1/2"]
[WhiteElo "2322"]
[BlackElo "2335"]
[PlyCount "54"]
[EventDate "2020.11.23"]
[EventType "swiss"]
[EventRounds "9"]
[EventCountry "VIE"]
[SourceTitle "CBM 199 Extra"]
[Source "ChessBase"]
[SourceDate "2021.01.31"]
[SourceVersion "1"]
[SourceVersionDate "2021.01.31"]
[SourceQuality "1"]

1. d4 Nf6 2. c4 e6 3. Nc3 Bb4 4. e3 b6 5. Nge2 Ne4 6. f3 Nxc3 7. Nxc3 Bxc3+ 8. bxc3 d6 9. e4 Nd7 10. Be2 0-0 11. 0-0 Bb7 12. Be3 Qe7 13. Qc2 e5 14. Bd3 a5 15. Rab1 Rae8 16. Rfe1 Kh8 17. Qf2 Ba6 18. g4 g5 19. Kg2 Kg7 20. h4 h6 21. Rh1 Rh8 22. Rh3 Nf8 23. h5 Ne6 24. d5 Nf4+ 25. Bxf4 gxf4 26. Rhh1 Qd7 27. Qc2 Rb8 1/2-1/2

[Event "VIE-ch op"]
[Site "Hanoi"]
[Date "2020.11.24"]
[Round "3"]
[White "Lu, Chan Hung"]
[Black "Tran, Tuan Minh"]
[Result "0-1"]
[WhiteElo "2335"]
[BlackElo "2348"]
[PlyCount "66"]
[EventDate "2020.11.23"]
[EventType "swiss"]
[EventRounds "9"]
[EventCountry "VIE"]
[SourceTitle "CBM 199 Extra"]
[Source "ChessBase"]
[SourceDate "2021.01.31"]
[SourceVersion "1"]
[SourceVersionDate "2021.01.31"]
[SourceQuality "1"]

1. d3 d5 2. f4 Nc6 3. g3 e5 4. Nf3 Bd6 5. fxe5 Nxe5 6. Nxe5 Bxe5 7. d4 Bf6 8. Bg2 Ne7 9. c3 Bg4 10. Qd3 Qd7 11. Nd2 Bg5 12. Nb3 Bf5 13. e4 Bxc1 14. Rxc1 dxe4 15. Bxe4 0-0 16. 0-0 Bxe4 17. Qxe4 b6 18. Nd2 Rae8 19. Qd3 Ng6 20. Nf3 Qg4 21. Rce1 h5 22. Ne5 Nxe5 23. dxe5 Re6 24. Rf4 Qg5 25. Rf5 Qd8 26. Qf3 g6 27. Rf6 Qe7 28. Qf4 Kg7 29. Re2 Rxf6 30. exf6+ Qxf6 31. Qxc7 Rd8 32. Kg2 Rd1 33. Qf4 Qc6+ 0-1

[Event "VIE-ch op"]
[Site "Hanoi"]
[Date "2020.11.23"]
[Round "2"]
[White "Cao, Sang"]
[Black "Lu, Chan Hung"]
[Result "1/2-1/2"]
[WhiteElo "2346"]
[BlackElo "2335"]
[PlyCount "99"]
[EventDate "2020.11.23"]
[EventType "swiss"]
[EventRounds "9"]
[EventCountry "VIE"]
[SourceTitle "CBM 199 Extra"]
[Source "ChessBase"]
[SourceDate "2021.01.31"]
[SourceVersion "1"]
[SourceVersionDate "2021.01.31"]
[SourceQuality "1"]

1. e4 c5 2. Nc3 Nc6 3. Bb5 g6 4. Bxc6 dxc6 5. d3 Bg7 6. Be3 Qa5 7. Nge2 Nf6 8. h3 c4 9. 0-0 cxd3 10. cxd3 0-0 11. d4 Rd8 12. Qc2 e5 13. Rfd1 Be6 14. dxe5 Qxe5 15. Rxd8+ Rxd8 16. Bxa7 c5 17. Bb6 Ra8 18. Rd1 Nd7 19. f4 Qb8 20. f5 Bxf5 21. exf5 Nxb6 22. Rf1 Qc7 23. Qe4 c4 24. Kh1 Ra5 25. f6 Bf8 26. Nd4 Qe5 27. Qh4 Nd7 28. Nf3 Qc7 29. a4 Rf5 30. Nd2 Rxf1+ 31. Nxf1 Qb6 32. Qxc4 Nxf6 33. Qb5 Qf2 34. Qe2 Qd4 35. Qd2 Qe5 36. Qe3 Qc7 37. Ng3 Bc5 38. Qf3 Qe5 39. Nge4 Nxe4 40. Qxe4 Qg3 41. Nd5 Qf2 42. Qe8+ Kg7 43. Qe5+ f6 44. Qc7+ Kf8 45. Qd8+ Kg7 46. Qc7+ Kf8 47. Qd8+ Kg7 48. Qc7+ Kf8 49. Qd8+ Kg7 50. Qc7+ 1/2-1/2

[Event "VIE-ch op"]
[Site "Hanoi"]
[Date "2020.11.23"]
[Round "1"]
[White "Lu, Chan Hung"]
[Black "Duong, Vu Anh"]
[Result "1-0"]
[WhiteElo "2335"]
[BlackElo "2318"]
[PlyCount "123"]
[EventDate "2020.11.23"]
[EventType "swiss"]
[EventRounds "9"]
[EventCountry "VIE"]
[SourceTitle "CBM 199 Extra"]
[Source "ChessBase"]
[SourceDate "2021.01.31"]
[SourceVersion "1"]
[SourceVersionDate "2021.01.31"]
[SourceQuality "1"]

1. c4 e6 2. g3 Nf6 3. Bg2 Be7 4. Nf3 0-0 5. 0-0 d5 6. b3 c5 7. Bb2 b6 8. d4 Bb7 9. cxd5 Nxd5 10. dxc5 Bxc5 11. Nbd2 Nd7 12. Ne4 Ne3 13. fxe3 Bxe4 14. Bd4 Qe7 15. Bxc5 Nxc5 16. Rc1 Rfd8 17. Qe1 Rac8 18. Qb4 f5 19. Rfd1 Qf6 20. Rd4 Bd5 21. Rdd1 Ne4 22. Rxc8 Rxc8 23. Ne1 Qb2 24. Bxe4 fxe4 25. Qd2 Qxd2 26. Rxd2 Rc1 27. Kf2 Ra1 28. Rb2 e5 29. Nc2 Rd1 30. Nb4 a5 31. Nxd5 Rxd5 32. Rc2 Rc5 33. Rxc5 bxc5 34. Ke1 Kf7 35. Kd2 Ke6 36. Kc3 Kd5 37. g4 g5 38. h3 Kd6 39. Kc4 Kc6 40. a3 Kb6 41. Kd5 Kb5 42. Kxe5 a4 43. bxa4+ Kxa4 44. Kd5 Kb5 45. a4+ Kb4 46. a5 c4 47. a6 c3 48. a7 c2 49. a8Q c1Q 50. Qb7+ Ka5 51. Qa7+ Kb5 52. Qd7+ Ka5 53. Qd8+ Kb5 54. Qe8+ Ka5 55. Qxe4 Qd1+ 56. Qd3 Qh1+ 57. e4 Qc1 58. e5 Kb6 59. Qb3+ Ka7 60. Qc4 Qd2+ 61. Kc6 Kb8 62. Qg8+ 1-0

[Event "VIE-ch"]
[Site "Ho Chi Minh City"]
[Date "2019.05.09"]
[Round "9"]
[White "Pham, Anh Kien1111"]
[Black "Lu, Chan Hung"]
[Result "0-1"]
[WhiteElo "1363"]
[BlackElo "2215"]
[PlyCount "82"]
[EventDate "2019.05.02"]
[EventType "swiss"]
[EventRounds "9"]
[EventCountry "VIE"]
[SourceTitle "CBM 190 Extra"]
[Source "ChessBase"]
[SourceDate "2019.07.15"]
[SourceVersion "1"]
[SourceVersionDate "2019.07.15"]
[SourceQuality "1"]

1. d4 Nf6 2. Nf3 d5 3. e3 c6 4. c4 a6 5. Nc3 b5 6. cxd5 cxd5 7. Bd3 Bb7 8. 0-0 e6 9. a3 Be7 10. Qe2 0-0 11. e4 dxe4 12. Nxe4 Nbd7 13. Bf4 Nxe4 14. Bxe4 Bxe4 15. Qxe4 Nf6 16. Qe2 Nd5 17. Be5 Nb6 18. Rfd1 Qd5 19. Rac1 Rfc8 20. Bg3 Rc4 21. Ne5 Rxc1 22. Rxc1 Bf6 23. Qc2 Bxe5 24. Bxe5 f6 25. Bg3 Rc8 26. Qd1 Rxc1 27. Qxc1 Qxd4 28. h3 Nc4 29. b3 Qd2 30. Bf4 Qxc1+ 31. Bxc1 Na5 32. b4 Nc4 33. Kf1 Kf7 34. Ke2 e5 35. g4 Ke6 36. Kd3 Kd5 37. f3 g6 38. h4 h5 39. gxh5 gxh5 40. Kc3 e4 41. f4 f5 0-1

[Event "VIE-ch"]
[Site "Ho Chi Minh City"]
[Date "2019.05.06"]
[Round "5"]
[White "Lu, Chan Hung"]
[Black "Duong, The Anh"]
[Result "0-1"]
[WhiteElo "2215"]
[BlackElo "2320"]
[PlyCount "58"]
[EventDate "2019.05.02"]
[EventType "swiss"]
[EventRounds "9"]
[EventCountry "VIE"]
[SourceTitle "CBM 190 Extra"]
[Source "ChessBase"]
[SourceDate "2019.07.15"]
[SourceVersion "1"]
[SourceVersionDate "2019.07.15"]
[SourceQuality "1"]

1. c4 e6 2. Nf3 Nf6 3. g3 d5 4. b3 c5 5. Bg2 Nc6 6. 0-0 Be7 7. d3 0-0 8. Re1 Re8 9. Nbd2 d4 10. Nf1 e5 11. e3 Bd6 12. exd4 exd4 13. Rxe8+ Nxe8 14. Qe2 Bg4 15. Ba3 Qd7 16. Re1 Nf6 17. Qd2 h6 18. Nh4 a5 19. f3 Be6 20. f4 a4 21. Rb1 axb3 22. Rxb3 Na5 23. Rb5 Nxc4 24. dxc4 Rxa3 25. Rxb7 Qa4 26. Rb6 Bc7 27. Bc6 Qxc4 28. Rb7 Rxa2 29. Qe1 Bd6 0-1

[Event "VIE-ch"]
[Site "Ho Chi Minh City"]
[Date "2019.05.05"]
[Round "3"]
[White "Lu, Chan Hung"]
[Black "Nguyen, Lam Thien"]
[Result "1-0"]
[WhiteElo "2215"]
[BlackElo "1936"]
[PlyCount "103"]
[EventDate "2019.05.02"]
[EventType "swiss"]
[EventRounds "9"]
[EventCountry "VIE"]
[SourceTitle "CBM 190 Extra"]
[Source "ChessBase"]
[SourceDate "2019.07.15"]
[SourceVersion "1"]
[SourceVersionDate "2019.07.15"]
[SourceQuality "1"]

1. c4 Nf6 2. g3 g6 3. Bg2 Bg7 4. Nc3 0-0 5. d3 d6 6. Bd2 e5 7. Qc1 Nc6 8. Bh6 Re8 9. h4 Be6 10. h5 Nxh5 11. Bxg7 Kxg7 12. Bf3 Nf6 13. Qh6+ Kg8 14. g4 Nd4 15. g5 Nd7 16. Bxb7 Rb8 17. Nd5 Bxd5 18. Qxh7+ Kf8 19. Bxd5 Ne6 20. Bxe6 Rxe6 21. Qh8+ Ke7 22. Qxd8+ Kxd8 23. 0-0-0 Re8 24. Nf3 Nc5 25. Rh7 Rf8 26. d4 exd4 27. Rxd4 Ne6 28. Rd3 Rb4 29. b3 Rb6 30. Rd5 Nc5 31. Ne5 Ke8 32. Ng4 Ke7 33. Rh3 Ra6 34. Kb2 c6 35. Rd1 Ne6 36. Re3 Ra5 37. f4 Rh8 38. Nh6 Rd8 39. b4 Rb8 40. a3 Kf8 41. Rxd6 c5 42. b5 a6 43. b6 Ke7 44. Nxf7 Kxf7 45. Rdxe6 Kg7 46. Re7+ Kf8 47. b7 Ra4 48. Kb3 Ra5 49. a4 Rd8 50. Re8+ Rxe8 51. Rxe8+ Kxe8 52. b8Q+ 1-0

[Event "VIE-ch"]
[Site "Ho Chi Minh City"]
[Date "2019.05.02"]
[Round "1"]
[White "Lu, Chan Hung"]
[Black "Do, An Hoa1111"]
[Result "1-0"]
[WhiteElo "2215"]
[BlackElo "1565"]
[PlyCount "71"]
[EventDate "2019.05.02"]
[EventType "swiss"]
[EventRounds "9"]
[EventCountry "VIE"]
[SourceTitle "CBM 190 Extra"]
[Source "ChessBase"]
[SourceDate "2019.07.15"]
[SourceVersion "1"]
[SourceVersionDate "2019.07.15"]
[SourceQuality "1"]

1. c4 e6 2. Nf3 f5 3. g3 Nf6 4. Bg2 Be7 5. 0-0 d6 6. Nc3 0-0 7. d3 Nc6 8. Rb1 a5 9. a3 Qe8 10. b4 Qh5 11. b5 Nb8 12. a4 Nbd7 13. Qc2 Rb8 14. Ba3 e5 15. Nd5 Nxd5 16. cxd5 Bd8 17. b6 Ra8 18. bxc7 Be7 19. Rb5 Qe8 20. Qc3 b6 21. Qc6 Ba6 22. Rb2 Qc8 23. Rc1 Bb7 24. Qb5 Ba6 25. Qb3 Nc5 26. Bxc5 bxc5 27. Qb6 Qd7 28. Nxe5 dxe5 29. d6 Bxd6 30. Bd5+ Kh8 31. Bxa8 Rxa8 32. Qxa6 Rc8 33. Qxc8+ Qxc8 34. Rb8 Qxb8 35. cxb8Q+ Bxb8 36. Rxc5 1-0

[Event "Ho Chi Minh City HD Bank op 9th"]
[Site "Ho Chi Minh City"]
[Date "2019.03.10"]
[Round "5"]
[White "Soham, Datar"]
[Black "Lu, Chan Hung"]
[Result "1/2-1/2"]
[WhiteElo "2122"]
[BlackElo "2207"]
[PlyCount "77"]
[EventDate "2019.03.07"]
[EventType "swiss"]
[EventRounds "9"]
[EventCountry "VIE"]
[SourceTitle "CBM 189 Extra"]
[Source "ChessBase"]
[SourceDate "2019.06.03"]
[SourceVersion "1"]
[SourceVersionDate "2019.06.03"]
[SourceQuality "1"]

1. Nf3 d5 2. b3 c5 3. Bb2 Nc6 4. e3 Nf6 5. Bb5 Bg4 6. h3 Bxf3 7. Qxf3 Rc8 8. 0-0 a6 9. Bxc6+ Rxc6 10. d3 g6 11. c4 dxc4 12. dxc4 Bg7 13. Nc3 0-0 14. Rfd1 Qc7 15. Rd2 Rb8 16. Rad1 b5 17. cxb5 axb5 18. Nxb5 Qb6 19. Na3 Re6 20. Nc4 Qc7 21. Qf4 Qxf4 22. exf4 h5 23. Rd8+ Rxd8 24. Rxd8+ Kh7 25. Rd1 Ne8 26. Bxg7 Kxg7 27. Rd5 Re1+ 28. Kh2 Re2 29. Rd2 Re1 30. a4 Nc7 31. a5 Na6 32. g3 Rb1 33. Rb2 Ra1 34. Kg2 Nb4 35. Rd2 Nc6 36. Rd5 Nxa5 37. Nxa5 Rxa5 38. b4 Rb5 39. Rxc5 1/2-1/2

[Event "Ho Chi Minh City HD Bank op 9th"]
[Site "Ho Chi Minh City"]
[Date "2019.03.08"]
[Round "3"]
[White "Nair, Sanjeev"]
[Black "Lu, Chan Hung"]
[Result "1/2-1/2"]
[WhiteElo "2005"]
[BlackElo "2207"]
[PlyCount "39"]
[EventDate "2019.03.07"]
[EventType "swiss"]
[EventRounds "9"]
[EventCountry "VIE"]
[SourceTitle "CBM 189 Extra"]
[Source "ChessBase"]
[SourceDate "2019.06.03"]
[SourceVersion "1"]
[SourceVersionDate "2019.06.03"]
[SourceQuality "1"]

1. e4 c5 2. Nf3 Nf6 3. e5 Nd5 4. g3 Nc6 5. Bg2 d6 6. exd6 Qxd6 7. 0-0 Bf5 8. Nc3 Nxc3 9. bxc3 e5 10. Rb1 0-0-0 11. d4 Rd7 12. Qe2 cxd4 13. cxd4 e4 14. Nh4 Nxd4 15. Qc4+ Qc5 16. Qxc5+ Bxc5 17. Nxf5 Nxf5 18. Bxe4 Nd6 19. Bf3 f5 20. Bf4 1/2-1/2

[Event "VIE-chB"]
[Site "Ba Dinh"]
[Date "2018.11.30"]
[Round "5"]
[White "Nguyen, Dang Hong Phuc"]
[Black "Lu, Chan Hung"]
[Result "1-0"]
[WhiteElo "2376"]
[BlackElo "2207"]
[PlyCount "51"]
[EventDate "2018.11.28"]
[EventType "swiss"]
[EventRounds "9"]
[EventCountry "VIE"]
[SourceTitle "EXT 2021"]
[Source "ChessBase"]
[SourceDate "2020.10.23"]
[SourceVersion "1"]
[SourceVersionDate "2020.10.23"]
[SourceQuality "1"]

1. d4 Nf6 2. c4 b6 3. Nf3 Bb7 4. g3 e6 5. Bg2 g6 6. 0-0 Bg7 7. Nc3 d6 8. Qc2 Nbd7 9. e4 0-0 10. h3 e5 11. d5 a5 12. b3 Qe7 13. a3 h6 14. Be3 Nh5 15. b4 f5 16. Bd2 Ba6 17. Nb5 Bxb5 18. cxb5 axb4 19. axb4 Rxa1 20. Rxa1 fxe4 21. Nh2 Nhf6 22. Ra7 Qf7 23. Qxc7 Qxd5 24. Nf1 Qd4 25. Be3 Qxb4 26. Qb7 1-0

[Event "VIE-chB"]
[Site "Ba Dinh"]
[Date "2018.11.29"]
[Round "3"]
[White "Nguyen, Anh Khoi"]
[Black "Lu, Chan Hung"]
[Result "1-0"]
[WhiteElo "2463"]
[BlackElo "2207"]
[PlyCount "43"]
[EventDate "2018.11.28"]
[EventType "swiss"]
[EventRounds "9"]
[EventCountry "VIE"]
[SourceTitle "EXT 2021"]
[Source "ChessBase"]
[SourceDate "2020.10.23"]
[SourceVersion "1"]
[SourceVersionDate "2020.10.23"]
[SourceQuality "1"]

1. d4 e6 2. c4 b6 3. e4 Bb7 4. Bd3 f5 5. exf5 Bb4+ 6. Kf1 Nf6 7. Nf3 0-0 8. c5 bxc5 9. a3 c4 10. Bxc4 d5 11. Bd3 Bd6 12. Ng5 Bc8 13. fxe6 Qe7 14. h4 h6 15. Bf5 Nc6 16. Nc3 hxg5 17. hxg5 Bxe6 18. gxf6 Qxf6 19. Rh8+ Kxh8 20. Qh5+ Qh6 21. Bxh6 Rxf5 22. Qg6 1-0

[Event "VIE-ch"]
[Site "Ho Chi Minh City"]
[Date "2018.05.03"]
[Round "9"]
[White "Lu, Chan Hung"]
[Black "Doan, Van Duc"]
[Result "1/2-1/2"]
[WhiteElo "2236"]
[BlackElo "2124"]
[PlyCount "42"]
[EventDate "2018.04.27"]
[EventType "swiss"]
[EventRounds "9"]
[EventCountry "VIE"]
[SourceTitle "CBM 184 Extra"]
[Source "ChessBase"]
[SourceDate "2018.06.28"]
[SourceVersion "1"]
[SourceVersionDate "2018.06.28"]
[SourceQuality "1"]

1. c4 e5 2. Nf3 Nc6 3. d4 exd4 4. Nxd4 Bc5 5. Nb3 Bb4+ 6. Bd2 Qe7 7. Nc3 Nf6 8. a3 Bxc3 9. Bxc3 0-0 10. e3 Ne4 11. Qc2 Nxc3 12. Qxc3 Qe5 13. Qxe5 Nxe5 14. 0-0-0 d6 15. Nd4 a6 16. h3 Re8 17. g4 g6 18. b3 Rb8 19. Bg2 b5 20. cxb5 axb5 21. f4 Nd7 1/2-1/2

[Event "Hanoi HD Bank op-A 8th"]
[Site "Hanoi"]
[Date "2018.03.14"]
[Round "7"]
[White "Raja, Harshit"]
[Black "Lu, Chan Hung"]
[Result "1-0"]
[WhiteElo "2444"]
[BlackElo "2181"]
[PlyCount "61"]
[EventDate "2018.03.10"]
[EventType "swiss"]
[EventRounds "9"]
[EventCountry "VIE"]
[SourceTitle "CBM 183 Extra"]
[Source "ChessBase"]
[SourceDate "2018.04.19"]
[SourceVersion "1"]
[SourceVersionDate "2018.04.19"]
[SourceQuality "1"]

1. e4 c5 2. Nf3 Nf6 3. e5 Nd5 4. Nc3 e6 5. Nxd5 exd5 6. d4 Nc6 7. dxc5 Bxc5 8. Qxd5 d6 9. exd6 Qb6 10. Qe4+ Be6 11. Qh4 Bxd6 12. Be2 Bf5 13. 0-0 0-0 14. c3 Rae8 15. Qc4 Ne5 16. Nxe5 Rxe5 17. Bf3 Rfe8 18. Bd5 Bg6 19. Be3 Qxb2 20. Rad1 R5e7 21. Bf3 Rc7 22. Qd5 Bf8 23. h4 Bc2 24. Rc1 Ba4 25. Qa5 Rc4 26. Bd5 Rxh4 27. Rb1 Qc2 28. Bxf7+ Kxf7 29. Qd5+ Re6 30. Rxb7+ Be7 31. Bg5 1-0

[Event "Hanoi HD Bank op-A 8th"]
[Site "Hanoi"]
[Date "2018.03.10"]
[Round "2"]
[White "Lu, Chan Hung"]
[Black "Liu, Guanchu"]
[Result "1-0"]
[WhiteElo "2181"]
[BlackElo "2460"]
[PlyCount "103"]
[EventDate "2018.03.10"]
[EventType "swiss"]
[EventRounds "9"]
[EventCountry "VIE"]
[SourceTitle "CBM 183 Extra"]
[Source "ChessBase"]
[SourceDate "2018.04.19"]
[SourceVersion "1"]
[SourceVersionDate "2018.04.19"]
[SourceQuality "1"]

1. c4 f5 2. Nc3 Nf6 3. g3 e5 4. Bg2 Be7 5. d3 0-0 6. Qb3 Nc6 7. Nf3 Qe8 8. Nd5 Bd8 9. Bg5 e4 10. dxe4 fxe4 11. Nd2 Nd4 12. Qd1 Nxd5 13. cxd5 Nf3+ 14. Bxf3 exf3 15. Bxd8 fxe2 16. Qxe2 Qxd8 17. d6 cxd6 18. 0-0 b6 19. Qc4+ Kh8 20. Ne4 Qe7 21. Qd5 Ba6 22. Rfe1 Rae8 23. Rad1 h6 24. f4 Qe6 25. Qxe6 Rxe6 26. Nxd6 Rxe1+ 27. Rxe1 Rf6 28. Rd1 Kg8 29. Ne4 Rf7 30. Kf2 g5 31. Ke3 gxf4+ 32. gxf4 Bb5 33. Rd6 Re7 34. Kd4 Bc6 35. Ng3 Rf7 36. Ke5 Re7+ 37. Kd4 Rf7 38. Ke5 Re7+ 39. Kf6 Re1 40. Kg6 Rc1 41. Rd2 Rc4 42. Nh5 b5 43. b3 Rc3 44. f5 Kf8 45. Nf6 d6 46. Nh7+ Kg8 47. Nf6+ Kf8 48. Rxd6 Rc2 49. h4 h5 50. Nh7+ Ke7 51. Rd1 Be8+ 52. Kg7 1-0

[Event "Johor op 4th"]
[Site "Johor"]
[Date "2017.12.12"]
[Round "2"]
[White "Lu, Chan Hung"]
[Black "Venkatesh, Marani Rajendran"]
[Result "0-1"]
[WhiteElo "2203"]
[BlackElo "2428"]
[PlyCount "46"]
[EventDate "2017.12.11"]
[EventType "swiss"]
[EventRounds "9"]
[EventCountry "MAS"]
[SourceTitle "CBM 182 Extra"]
[Source "ChessBase"]
[SourceDate "2018.02.23"]
[SourceVersion "1"]
[SourceVersionDate "2018.02.23"]
[SourceQuality "1"]

1. d4 g6 2. Bf4 Bg7 3. e3 d6 4. Nf3 Nd7 5. Bc4 e6 6. Nc3 Ne7 7. Qd2 a6 8. a4 b6 9. h4 h6 10. e4 Nf6 11. e5 Ng4 12. h5 Bb7 13. Rh4 dxe5 14. Rxg4 exf4 15. hxg6 Nxg6 16. Qd3 Qf6 17. d5 0-0-0 18. Bxa6 Qf5 19. a5 Bxc3+ 20. Qxc3 Bxa6 21. 0-0-0 Rxd5 22. Rxd5 Qxd5 23. axb6 Qc4 0-1

[Event "Penang op-A 9th"]
[Site "Penang"]
[Date "2017.12.07"]
[Round "6"]
[White "Kavinda, Akila"]
[Black "Lu, Chan Hung"]
[Result "1/2-1/2"]
[WhiteElo "2003"]
[BlackElo "2203"]
[PlyCount "109"]
[EventDate "2017.12.04"]
[EventType "swiss"]
[EventRounds "9"]
[EventCountry "MAS"]
[SourceTitle "CBM 182 Extra"]
[Source "ChessBase"]
[SourceDate "2018.02.23"]
[SourceVersion "1"]
[SourceVersionDate "2018.02.23"]
[SourceQuality "1"]

1. d4 d5 2. Nf3 Nf6 3. c4 c6 4. e3 a6 5. Nc3 b5 6. b3 Bg4 7. Be2 e6 8. Bb2 Bb4 9. 0-0 0-0 10. h3 Bh5 11. Ne5 Bxe2 12. Qxe2 Bd6 13. Rfc1 Qe7 14. Nb1 Ne4 15. Nd2 Nxd2 16. Qxd2 dxc4 17. bxc4 Bxe5 18. dxe5 Rd8 19. Qa5 Nd7 20. Rd1 Nc5 21. Qa3 Rdb8 22. Bd4 b4 23. Qa5 Nb7 24. Qa4 c5 25. Bb2 Qe8 26. Qxe8+ Rxe8 27. a3 a5 28. Rd7 Rab8 29. axb4 cxb4 30. Bd4 Red8 31. Rxd8+ Rxd8 32. Bb6 Rc8 33. c5 b3 34. Ra3 Nxc5 35. Bxc5 Rxc5 36. Rxb3 h5 37. f4 Rc1+ 38. Kf2 Ra1 39. Kg3 Kh7 40. e4 Ra4 41. Rb7 Kg6 42. Ra7 Rxe4 43. Rxa5 h4+ 44. Kg4 Re2 45. Kf3 Rb2 46. Ra7 Rb3+ 47. Kf2 Rb4 48. Ke3 Rb3+ 49. Kf2 Rc3 50. Rb7 Ra3 51. Rc7 Ra4 52. Ke3 Rb4 53. Ra7 Rb8 54. Kf3 Rb3+ 55. Kf2 1/2-1/2

[Event "Penang op-A 9th"]
[Site "Penang"]
[Date "2017.12.05"]
[Round "2"]
[White "Dimakiling, Oliver"]
[Black "Lu, Chan Hung"]
[Result "1/2-1/2"]
[WhiteElo "2425"]
[BlackElo "2203"]
[PlyCount "80"]
[EventDate "2017.12.04"]
[EventType "swiss"]
[EventRounds "9"]
[EventCountry "MAS"]
[SourceTitle "CBM 182 Extra"]
[Source "ChessBase"]
[SourceDate "2018.02.23"]
[SourceVersion "1"]
[SourceVersionDate "2018.02.23"]
[SourceQuality "1"]

1. Nf3 Nf6 2. g3 b6 3. Bg2 Bb7 4. 0-0 c5 5. d3 g6 6. e4 d6 7. a4 Bg7 8. Nbd2 0-0 9. Re1 Nbd7 10. a5 e5 11. c3 Re8 12. b4 bxa5 13. Rxa5 d5 14. Qa4 Qc7 15. Bb2 Nb6 16. Qa2 Nfd7 17. Ng5 h6 18. Nxf7 cxb4 19. cxb4 Kxf7 20. exd5 Kf8 21. Ne4 Nf6 22. d6 Qb8 23. Rc1 Nxe4 24. Bxe4 Bxe4 25. Rc7 Qxc7 26. dxc7 Bf3 27. Rxa7 Rac8 28. b5 Bf6 29. Ra6 Nd5 30. Rd6 Rxc7 31. Rxd5 Rec8 32. Ba3+ Be7 33. Rc5 Rxc5 34. Bxc5 Rxc5 35. Qd2 Bg5 36. Qb4 Be7 37. Qb2 Bg5 38. Qb4 Be7 39. Qb2 Rd5 40. Qb3 Rc5 1/2-1/2